| 000 | 00844nam a22002537a 4500 | ||
|---|---|---|---|
| 008 | 081212t xxu||||| |||| 00| 0beng d | ||
| 010 | _aENG-99017 | ||
| 020 |
_c200.00 _a9788182568402 |
||
| 035 | _aEN-82549 | ||
| 037 | _bDBAD / PUB | ||
| 040 |
_adpl _bEnglish |
||
| 082 | _a299 | ||
| 100 |
_93724 _aPuri, Lekh Raj |
||
| 245 |
_aMysticism: _cby Lekh Raj Puri _bthe spiritual path / |
||
| 260 |
_aPunjab _bRadha Soami Satsang Beas _c2009 |
||
| 270 |
_bPunjab _e143204 _aDera Baba Jaimal Singh |
||
| 300 |
_axxv, 646p. _c23cm (Hb) |
||
| 500 | _aIncludes bibliographical references | ||
| 600 |
_aBaba Visakha Singh _xBiography. _93725 |
||
| 650 | _98634 | ||
| 700 | _96162 | ||
| 942 |
_2ddc _cEN _mPUR _h299 |
||
| 999 |
_c40212 _d40212 |
||